000 01246nam a2200313Ia 4500
003 OSt
005 20221007123239.0
006 a|||||r|||| 00| 0
007 ta
008 221006b |||||||| |||| 00| 0 eng d
020 _a2884491848 (hbd)
_c
_ 116.00
024 _a4045
037 _bShankar,
_cTextual
040 _aPAPL
_cPAPL
_beng
041 _2eng
_aeng
082 _aC6:21, N5
100 _aFeng Sunqi Ed
_9716955
245 0 _aHigh Tc superconductivity and the C60 family ed by Sunqi Feng and Hai-Cang Ren
_b Ren Hai-Cang Ed
260 _aAustralia
_bGordon and Breach Publishers
_c1995
300 _axiv,364p
_ccm.
490 _aChina Center of Advanced Science and Technonlogy (World laboratory)symposium/workshop proceedings; 11
500 _aIncludes bibliographical references; Index 355-364p; ^n23/CSL/CARPA/96-97/3419^d1996-08-23^mPurchase; ; 96-97/148^b1996-09-30^c3402(C)^d1996-09-13^eShankar's Book Agency Pvt. Ltd.; ; 1996-10-11^bSB^c1996-12-20^r1997-01-29
650 _a Conduction
650 _a Electricity
_9264331
650 _aPhysics
700 _a Ren Hai-Cang Ed
_9716956
942 _hC6:21, N5
_cTEXL
_2CC
999 _c1211590
_d1211590